000 01022nam a22002777a 4500
999 _c111602
_d111602
003 dpl
005 20190301152004.0
008 190301b ||||| |||| 00| 0 eng d
010 _aA-983740
020 _c200.00
_a817016169
035 _aA-983740, A-672554, A-983746
037 _bCen Lib/Ret
040 _aDPL
_bHN
_c0
082 _a796.48
_bभल्ला
100 _aभल्ला, अजय
_95680
245 _aओलंपिक /
_cअजय भल्ला
246 _aOlympic /
_bby Ajay Bhalla
260 _aनई दिल्ली
_bकिताब घर
_c1999
270 _a24, अंसारी रोड, दरियागंज
_bनई दिल्ली
_e110002
300 _a366पृ. : 316प.:
_c22सेमी(सजिल्द)
_bसचित्र
650 _aओलंपिक
_943698
650 _aओलंपिक -- खेल
_91301
650 _aOlympic
_925391
650 _aOlympic -- Games
_925344
942 _2ddc
_cHN
_h796.48
_mभल्ला